Calass status,and power / (Record no. 190553)
[ view plain ]
| 000 -LEADER | |
|---|---|
| fixed length control field | 00645 a2200181 4500 |
| 003 - CONTROL NUMBER IDENTIFIER | |
| control field | Nust |
| 005 - DATE AND TIME OF LATEST TRANSACTION | |
| control field | 20221221093654.0 |
| 040 ## - CATALOGING SOURCE | |
| Transcribing agency | Nust |
| 082 ## - DEWEY DECIMAL CLASSIFICATION NUMBER | |
| Classification number | 323.3,BEN |
| 100 ## - MAIN ENTRY--PERSONAL NAME | |
| Personal name | Bendix,Reinhard |
| 9 (RLIN) | 37695 |
| 245 ## - TITLE STATEMENT | |
| Title | Calass status,and power / |
| Statement of responsibility, etc. | Reinhard Bendix |
| 250 ## - EDITION STATEMENT | |
| Edition statement | 2nd |
| 260 ## - PUBLICATION, DISTRIBUTION, ETC. | |
| Place of publication, distribution, etc. | Islamabad |
| Name of publisher, distributor, etc. | National book foundation |
| Date of publication, distribution, etc. | 2010 |
| 300 ## - PHYSICAL DESCRIPTION | |
| Extent | xviii,677 |
| 505 ## - FORMATTED CONTENTS NOTE | |
| Formatted contents note | Theories of Class Structure (Page-1), The Continuing Debate on Equality (Page-47), Historical and Comparative Studies (Page-97), Power and Status Relations (Page-201). |
| 650 ## - SUBJECT ADDED ENTRY--TOPICAL TERM | |
| Topical term or geographic name entry element | social stratification in comparative perspective |
| 9 (RLIN) | 105439 |
| 942 ## - ADDED ENTRY ELEMENTS (KOHA) | |
| Source of classification or shelving scheme | |
| Koha item type | Book |
| Call number prefix | 323.3,BEN |
| Withdrawn status | Lost status | Source of classification or shelving scheme | Damaged status | Not for loan | Permanent Location | Current Location | Shelving location | Date acquired | Full call number | Barcode | Date last seen | Price effective from | Koha item type | Public note |
|---|---|---|---|---|---|---|---|---|---|---|---|---|---|---|
| Military College of Signals (MCS) | Military College of Signals (MCS) | General Stacks | 12/12/2016 | 323.3,BEN | MCS34347 | 12/08/2016 | 12/12/2016 | Book | Almirah No.73, Shelf No.4 | |||||
| Military College of Signals (MCS) | Military College of Signals (MCS) | General Stacks | 12/12/2016 | 323.3,BEN | MCS34348 | 12/08/2016 | 12/12/2016 | Book |
